India's changing population profile / (Record no. 28108)

MARC details
000 -LEADER
fixed length control field 01203nam a22002537a 4500
005 - DATE AND TIME OF LATEST TRANSACTION
control field 20090709122616.0
010 ## - LCCN (DPL NO)
LC control number ENG-94360 B-441266
020 ## - INTERNATIONAL STANDARD BOOK NUMBER
International Standard Book Number 9788123755106
Terms of availability 65.00
035 ## - SYSTEM CONTROL NUMBER
System control number EN-77893
035 ## - SYSTEM CONTROL NUMBER
System control number B-441266
037 ## - SOURCE OF ACQUISITION
Source of stock number/acquisition DBAD / PUB
037 ## - SOURCE OF ACQUISITION
Source of stock number/acquisition Allied Publishers
082 ## - DEWEY DECIMAL CLASSIFICATION NUMBER
Classification number 304.6
100 ## - MAIN ENTRY--PERSONAL NAME
Personal name Mahendra K. Premi
245 ## - TITLE STATEMENT
Title India's changing population profile /
Statement of responsibility, etc by Mahendra K. Premi
260 ## - PUBLICATION, DISTRIBUTION, ETC. (IMPRINT)
Place of publication, distribution, etc New Delhi
Name of publisher, distributor, etc National Book Trust
Date of publication, distribution, etc 2009
-- 2010
270 ## - ADDRESS
Address Nehru Bhawan, 5 Institutional Area, Phase-II,
City New Delhi
Postal code 110070
300 ## - PHYSICAL DESCRIPTION
Extent xxi, 244p. :
Dimensions 22cm(pbk)
Other physical details maps
500 ## - GENERAL NOTE
General note Includes bibliographical references and index
942 ## - ADDED ENTRY ELEMENTS (KOHA)
Source of classification or shelving scheme Dewey Decimal Classification
Item type English Books
Call number suffix KAH
Classification part 304.6
Holdings
Withdrawn status Lost status Not for loan Collection code Home library Current library Date acquired Source of acquisition Cost, normal purchase price Full call number Barcode Copy number Cost, replacement price Koha item type
      Non-fiction Central Library Central Library 29/07/2011 Allied Publishers/CR/0000056/20.4.11/85/24.3.11/10.6.11 65.00 304.6 KAH B-441266 1 65.00 English Books
    Not For Loan Non-fiction D.B.Act.Division D.B.Act.Division 09/07/2009 DBAD / PUB 65.00 304.6 KAH EN-77893 1 65.00 English Books

© Delhi Public Library
Hit Counter
free hit counter